000 01280nam a2200325Ia 4500
001 ebr10436142
003 CaPaEBR
006 m u
007 cr cn|||||||||
008 100507s2010 vaua sb 001 0 eng d
010 _z 2010018842
020 _z9781416610489
020 _z1416610480
040 _aCaPaEBR
_cCaPaEBR
035 _a(OCoLC)690162729
050 1 4 _aLB1590.3
_b.B745 2010eb
082 0 4 _a371.27/1
_222
100 1 _aBrookhart, Susan M.
245 1 0 _aHow to assess higher-order thinking skills in your classroom
_h[electronic resource] /
_cSusan M. Brookhart.
260 _aAlexandria, Va. :
_bASCD,
_cc2010.
300 _a159 p. :
_bill.
504 _aIncludes bibliographical references and index.
533 _aElectronic reproduction.
_bPalo Alto, Calif. :
_cebrary,
_d2011.
_nAvailable via World Wide Web.
_nAccess may be limited to ebrary affiliated libraries.
650 0 _aThought and thinking
_xStudy and teaching (Secondary)
650 0 _aCritical thinking
_xStudy and teaching (Secondary)
650 0 _aCognition in children.
655 7 _aElectronic books.
_2local
710 2 _aebrary, Inc.
856 4 0 _uhttp://site.ebrary.com/lib/rucke/Doc?id=10436142
_zAn electronic book accessible through the World Wide Web; click to view
999 _c235120
_d235120